00852nam a2200241 a 4500001001000000003000900010005001700019008004100036020001800077040002500095082002000120100003200140245008300172260003800255300002100293490001300314500007000327504007300397650001900470650002300489700003300512830006500545000042851DO-SdBNP20210915122948.0140211s2013 dr r 000 f spa d a9789945412789 aDO-SdBNPbspacBNPHU aCh863.44bL168f1 aLafourcade, Enrique,d1927-13aLa fiesta del rey Acab /cEnrique Lafourcade ; prólogo de Pablo A. Mariñe. aSanto Domingo :bFUNGLODE,c2013. a183 p. ;c24 cm.1 aFUNGLODE aIncluye datos biográficos del autor en la solapa de la cubierta aIncluye referencias bibliográficas y notas al pie de las páginas 4aNovela chilena 4aLiteratura chilena12aMariñe, Pablo A.,epról. 0aFundación Global de Desarrollo (República de Dominicana)